Seattle Mariners Nicknames - Statistics

General Stats
  • This quiz has been taken 948 times
    128 since last reset
  • The average score is 8 of 13
Answer Stats
Nickname Tenure Player % Correct
Junior / Kid 1989–1999, 2009–2010 Ken Griffey, Jr.
96%
Big Dumper 2021– Cal Raleigh
94%
A-Rod 1994–2000 Alex Rodriguez
90%
King Felix 2005–2019 Felix Hernandez
89%
The Wizard / Ichi 2001–2012, 2018–2019 Ichiro Suzuki
89%
The Big Unit 1989–1998 Randy Johnson
84%
Corey's Brother 2011– Kyle Seager
72%
Gar / Papi 1987–2004 Edgar Martínez
59%
Bone 1988–2001 Jay Buhner
52%
Guti / Death to Flying Things 2009–2013, 2015–2016 Franklin Gutiérrez
36%
Big Maple 2013–2018, 2021 James Paxton
36%
Mr. Mariner 1984–1991 Alvin Davis
30%
The Condor 2009–2014 Michael Saunders
7%
No matching quizzes found
Score Distribution
Percent of People with Each Score
Percentile by Number Answered
Your Score History
You have not taken this quiz since the last reset